Political leadership among Swat Pathans

Αποθηκεύτηκε σε:
Λεπτομέρειες βιβλιογραφικής εγγραφής
Κύριος συγγραφέας: Barth, Fredrik, 1928-2016
Μορφή: Βιβλίο
Γλώσσα:English
Δημοσίευση: London; New York : University of London, Athlone Press; Humanities Press, 1965
Σειρά:Monographs on social anthropology ; ; 19
Θέματα:
Ετικέτες: Προσθήκη ετικέτας
Δεν υπάρχουν, Καταχωρήστε ετικέτα πρώτοι!

MARC

LEADER 00000cam a2200000 i 4500
001 1/27320
008 060331s19591965 eng d
020 |a 0-485-19619-0 
035 |l 10083375 
040 |a GR-MY-UA  |b gre  |e aacr 
041 0 |a eng 
082 0 |a 303.3409549122  |2 (22) 
100 1 |a Barth, Fredrik,   |d 1928-2016. 
245 1 0 |a Political leadership among Swat Pathans /  |c by Fredric Barth 
260 |a London; New York :   |b University of London, Athlone Press; Humanities Press,   |c 1965 
300 |a 143 σ.;  |c 22 εκ. 
490 1 |a London School of Economics. Monographs on social anthropology  |v ; 19 
504 |a Περιέχει βιβλιογραφία (σ. [139]-141) και ευρετήριο 
650 0 0 |a Pushtuns. 
650 0 0 |a Swat District (Pakistan)  |x Politics and government. 
651 0 |a Swat District (Pakistan)  |x Social life and customs. 
830 0 |a Monographs on social anthropology ;  |v ; 19 
852 |a INST  |b LESVOS  |e 20060331  |h 303.3409549122 BAR  |p 005100034811  |q 005100034811  |t BK  |y 0 
901 |a BIBL1-2006-1 
909 |a Λ  |b 126229 
970 |a ΚΑΡΑ  |b ΓΙΑΣΕΜΗ  |z 2006/03/31